| 000 | 00680nam a2200217 i 4500 | ||
|---|---|---|---|
| 001 | 150441 | ||
| 003 | ES-MaACL | ||
| 005 | 20240206203243.0 | ||
| 007 | t| | ||
| 008 | 071030s1973 sp ||||1| spa d | ||
| 020 | _a84-7162-607-1 | ||
| 080 | _a265.514.2 | ||
| 100 | 1 |
_aValcarce Alfayate, Enrique. _9112463 |
|
| 245 | 1 | 0 |
_aHacia un divorcio restringido / _cEnrique Valcarce Alfayate ; prólogo José Botella Llusiá. |
| 260 |
_aBarcelona : _bBosch, _c[1973] |
||
| 300 |
_a173 p. ; _c19 cm. |
||
| 650 | 1 | 4 |
_aDivorcio- _xAspectos religiosos. _911955 |
| 700 | 1 |
_aBotella Llusiá, José, _d1912-2002 _930758 |
|
| 852 |
_aES-MaACL _jC-56177 _bR.88791 |
||
| 999 |
_c150441 _d150441 |
||